| 000 | 00402nam a2200169Ia 4500 | ||
|---|---|---|---|
| 003 | GCL | ||
| 008 | 140319s9999 xx 000 0 eng d | ||
| 040 |
_aGCL / _cGCL |
||
| 082 | 0 | 4 |
_a912.624 _bG O |
| 100 | 1 | _aGEO PROJECTS | |
| 245 | 1 | 0 |
_aTHE OXFORD MAP OF SUDAN / _cGEO PROJECTS |
| 260 |
_a[S.N] : _bGEO PROJECTS |
||
| 650 | 0 | 4 | _aMAPS |
| 650 | 0 | 4 | _aSUDAN |
| 650 | 0 | 4 | _aSUDAN - MAPS |
| 942 |
_2ddc _cBK |
||
| 999 |
_c14941 _d14941 |
||